<?xml version="1.0" encoding="UTF-8"?>
<record
    xmlns:xsi="http://www.w3.org/2001/XMLSchema-instance"
    xsi:schemaLocation="http://www.loc.gov/MARC21/slim http://www.loc.gov/standards/marcxml/schema/MARC21slim.xsd"
    xmlns="http://www.loc.gov/MARC21/slim">

  <leader>01680nam a22002657a 4500</leader>
  <controlfield tag="003">OSt</controlfield>
  <controlfield tag="005">20231011105411.0</controlfield>
  <controlfield tag="008">231009s2010    ag ||||| |||| 00| 1 spa d</controlfield>
  <datafield tag="020" ind1=" " ind2=" ">
    <subfield code="a">9789871565153</subfield>
  </datafield>
  <datafield tag="040" ind1=" " ind2=" ">
    <subfield code="c">besoc</subfield>
  </datafield>
  <datafield tag="100" ind1=" " ind2=" ">
    <subfield code="a">Hugh Munro, H&#xE9;ctor (Saki)</subfield>
    <subfield code="e">autor</subfield>
  </datafield>
  <datafield tag="245" ind1="0" ind2="0">
    <subfield code="a">Cuentos que parecen ciertos /</subfield>
    <subfield code="c">[Edgar Allan Poe ... et al.]</subfield>
  </datafield>
  <datafield tag="260" ind1=" " ind2=" ">
    <subfield code="a">Buenos Aires :</subfield>
    <subfield code="b">Letra Impresa,</subfield>
    <subfield code="c">2010</subfield>
  </datafield>
  <datafield tag="300" ind1=" " ind2=" ">
    <subfield code="a">102 p.</subfield>
  </datafield>
  <datafield tag="490" ind1="1" ind2=" ">
    <subfield code="a">La puerta secreta</subfield>
  </datafield>
  <datafield tag="505" ind1="0" ind2=" ">
    <subfield code="a">La puerta secreta -- La llave maestra -- La ventana abierta / Saki -- El coraz&#xF3;n delator / Edgar Allan Poe -- El viejo guardarropa de roble / Charles Dickens -- Nuestro primer cigarro / Horacio Quiroga -- Una historia desgraciada / Ant&#xF3;n Ch&#xE9;jov -- Los secretos de cuentos que parecen ciertos -- Nuevas puestas para abrir.-</subfield>
  </datafield>
  <datafield tag="520" ind1=" " ind2=" ">
    <subfield code="a">Quien no se pregunt&#xF3; alguna vez al cerrar un libro: "&#xBF;Acaso esto paso realmente?". &#xBF;Y a qui&#xE9;n no le hubiera gustado ser protagonista de alguna historia de novela? Aunque sabemos que las personas reales no somos personajes y que la vida real no es un cuento, hay historias de ficci&#xF3;n que se parecen mucho a lo vivido por algunas personas. Y hay personajes que parecen personas reales, o viceversa. En estos cuentos descubrir&#xE1;n qu&#xE9; "trampas" hace la literatura para parecerse a la realidad. [Nota del editor]</subfield>
  </datafield>
  <datafield tag="650" ind1=" " ind2="4">
    <subfield code="a">Literatura</subfield>
    <subfield code="v">Cuentos realistas</subfield>
    <subfield code="x">Colecci&#xF3;n juvenil</subfield>
    <subfield code="y">Siglo XIX</subfield>
    <subfield code="y">Siglo XX</subfield>
  </datafield>
  <datafield tag="700" ind1="1" ind2=" ">
    <subfield code="a">Saki</subfield>
    <subfield code="d">(1870-1916),</subfield>
    <subfield code="e">autor</subfield>
  </datafield>
  <datafield tag="700" ind1="1" ind2=" ">
    <subfield code="a">Poe, Edgar Alan,</subfield>
    <subfield code="d">(1809-1849)</subfield>
    <subfield code="e">autor</subfield>
  </datafield>
  <datafield tag="700" ind1="1" ind2=" ">
    <subfield code="a">Dickens, Charles,</subfield>
    <subfield code="d">(1812-1870)</subfield>
    <subfield code="e">autor</subfield>
  </datafield>
  <datafield tag="700" ind1="1" ind2=" ">
    <subfield code="a">Quiroga, Horacio,</subfield>
    <subfield code="d">(1878-1937)</subfield>
    <subfield code="e">autor</subfield>
  </datafield>
  <datafield tag="700" ind1="1" ind2=" ">
    <subfield code="a">Ch&#xE9;jov, Ant&#xF3;n,</subfield>
    <subfield code="d">(1860-1904)</subfield>
    <subfield code="e">autor</subfield>
  </datafield>
  <datafield tag="942" ind1=" " ind2=" ">
    <subfield code="2">udc</subfield>
    <subfield code="c">LPD</subfield>
    <subfield code="n">0</subfield>
  </datafield>
  <datafield tag="999" ind1=" " ind2=" ">
    <subfield code="c">105</subfield>
    <subfield code="d">105</subfield>
  </datafield>
  <datafield tag="952" ind1=" " ind2=" ">
    <subfield code="0">0</subfield>
    <subfield code="1">0</subfield>
    <subfield code="2">udc</subfield>
    <subfield code="4">0</subfield>
    <subfield code="7">0</subfield>
    <subfield code="8">CG</subfield>
    <subfield code="a">ESOCIALES</subfield>
    <subfield code="b">ESOCIALES</subfield>
    <subfield code="d">2023-10-11</subfield>
    <subfield code="l">0</subfield>
    <subfield code="o">82-34 C965 Caja Lengua 2</subfield>
    <subfield code="p">000289</subfield>
    <subfield code="r">2023-10-11 00:00:00</subfield>
    <subfield code="w">2023-10-11</subfield>
    <subfield code="y">LPD</subfield>
  </datafield>
</record>
